000 00555nam a22001817a 4500
005 20251108164247.0
008 250721s1985 xx 000 0 ara d
082 1 4 _a350,0009565/شيخ
100 1 _aأبو شيخة، نادر أحمد
245 1 0 _aالإدارة العامة في المملكة الأردنية الهاشمية /
264 1 _aعمان :
_c1985.
300 _a288ص.
650 1 7 _aالإدارة العامة
650 1 7 _aالأردن
700 1 _aعساف، عبد المعطي محمد
942 _2ddc
_cBK
999 _c7753
_d7753